[Event "Saratov region op"]
[Site "Saratov"]
[Date "2008.06.04"]
[Round "6"]
[White "Khromkin, Andrey"]
[Black "Karavaev, Vladimir"]
[Result "1/2-1/2"]
[WhiteElo "2318"]
[BlackElo "2474"]
[PlyCount "45"]
[EventDate "2008.05.30"]
[EventType "swiss"]
[EventRounds "9"]
[EventCountry "RUS"]
[SourceTitle "CBM 124 Extra"]
[Source "ChessBase"]
[SourceDate "2008.07.03"]
[SourceVersion "1"]
[SourceVersionDate "2008.07.03"]
[SourceQuality "1"]

1. d4 d5 2. c4 dxc4 3. Nf3 Nf6 4. Nc3 a6 5. e3 g6 6. Bxc4 Bg7 7. b4 0-0 8. 0-0 b5 9. Bd3 Nc6 10. a3 Bb7 11. Bb2 Qd6 12. Qe2 Rfe8 13. Rfd1 Nd8 14. Ng5 e5 15. Nce4 Nxe4 16. dxe5 Qe7 17. Nxe4 Bxe5 18. Nc5 Bc6 19. Bxe5 Qxe5 20. Qc2 Ne6 21. Rac1 Ng5 22. h4 Ne6 23. Be2 1/2-1/2

[Event "Saratov region op"]
[Site "Saratov"]
[Date "2008.06.03"]
[Round "5"]
[White "Karavaev, Vladimir"]
[Black "Efimov, Ivan"]
[Result "1/2-1/2"]
[WhiteElo "2474"]
[BlackElo "2268"]
[PlyCount "75"]
[EventDate "2008.05.30"]
[EventType "swiss"]
[EventRounds "9"]
[EventCountry "RUS"]
[SourceTitle "CBM 124 Extra"]
[Source "ChessBase"]
[SourceDate "2008.07.03"]
[SourceVersion "1"]
[SourceVersionDate "2008.07.03"]
[SourceQuality "1"]

1. e4 e5 2. Bc4 Nf6 3. d3 Bc5 4. Nf3 d6 5. c3 Bg4 6. h3 Bh5 7. Nbd2 0-0 8. Bb3 Nbd7 9. Nf1 Re8 10. Ng3 Bg6 11. 0-0 Nf8 12. a4 d5 13. exd5 Nxd5 14. Re1 f6 15. Ne4 Ne6 16. Nxc5 Nxc5 17. Bc4 Qd6 18. Nh4 Bf7 19. Qg4 Qd7 20. Nf5 Be6 21. Bxd5 Bxd5 22. b4 Be6 23. Qxg7+ Qxg7 24. Nxg7 Kxg7 25. bxc5 Rad8 26. Re3 Bf5 27. d4 exd4 28. cxd4 Kf7 29. a5 Rxd4 30. Bb2 Rxe3 31. Bxd4 Rb3 32. Kh2 Be4 33. Be3 Ke6 34. Ra4 f5 35. g4 Ke5 36. gxf5 Kxf5 37. Rd4 Rd3 38. Ra4 1/2-1/2